Sanat - "Taivaanpii" - Statistics

Yleistilastot
  • Tätä visaa on pelattu 4 kertaa
  • Keskiarvotulos 54 / 57
Vastaustilastot
Vastaus % Oikein
Aarteen
100%
aarteisiin
100%
äiti
100%
antoi
100%
eipä
100%
etsittiin
100%
hukkas
100%
itkien
100%
Kaikki
100%
käteen
100%
katso
100%
kauniin
100%
kaunis
100%
kimaltaa
100%
kirjavaisen
100%
kirjavaiset
100%
kivet
100%
kivet
100%
koeta
100%
kuinka
100%
kuultavaisen
100%
lohduton
100%
Miljoonittain
100%
niihiin
100%
niin
100%
nimeks
100%
on
100%
pienimmistä
100%
rannan
100%
saa
100%
sen
100%
sille
100%
siloinen
100%
taivaanpiin
100%
taivaanpiin
100%
tässä
100%
toinen
100%
tyttö
100%
tyttö
100%
tyttö
100%
tyttöparka
100%
vaan
100%
yhden
100%
yhden
100%
yhden
100%
yhtä
100%
hän
75%
kätösiin
75%
kiven
75%
miljoonista
75%
näytti
75%
saada
75%
tahtoo
75%
torjui
75%
vain
75%
miellyt
50%
pikkuressu
50%
Ehtoja vastaavia visoja ei löytynyt
Tulosjakauma
Jokaisen tuloksen saaneiden osuus
Persentiili vastausten määrän mukaan
Tuloshistoriasi
Et ole pelannut tätä visaa